A history of civilization
Αποθηκεύτηκε σε:
| Κύριος συγγραφέας: | |
|---|---|
| Άλλοι συγγραφείς: | , , |
| Μορφή: | Βιβλίο |
| Γλώσσα: | English |
| Δημοσίευση: |
New Jercey :
Englewood Cliffs,
c1984.
|
| Έκδοση: | 6η έκδ. |
| Θέματα: | |
| Ετικέτες: |
Προσθήκη ετικέτας
Δεν υπάρχουν, Καταχωρήστε ετικέτα πρώτοι!
|
MARC
| LEADER | 00000cam a2200000 a 4500 | ||
|---|---|---|---|
| 001 | 1/123985 | ||
| 008 | 211130s1984####us | ||| |||| ||eng|| | ||
| 020 | |a 0133898660 |q (τ.1) | ||
| 020 | |a 0133898741 |q (τ.2) | ||
| 040 | |a GR-MyUa |b gre |c GR-MyUa |e AACR2 | ||
| 041 | 0 | |a eng | |
| 082 | 7 | |a 909 |2 (23) | |
| 100 | 1 | |a Brinton, Crane, |d 1898-1968. | |
| 245 | 1 | 2 | |a A history of civilization / |c Brinton Crane, John B. Christofer, Wolff Robert Lee, Robin W. Winks. |
| 250 | |a 6η έκδ. | ||
| 260 | |a New Jercey : |b Englewood Cliffs, |c c1984. | ||
| 300 | |a 2 τ. : |b φωτ., εικ. ; |c 28 εκ. | ||
| 504 | |a Περιλαμβάνει βιβλιογραφικές παραπομπές και ευρετήριο. | ||
| 505 | 8 | |a Τ.1. Prehistory to 1715 -- τ.2. 1715 to present | |
| 650 | 0 | |a Civilization |x History. | |
| 700 | 1 | |a Christopher, John B. | |
| 700 | 1 | |a Wolff, Robert Lee. | |
| 700 | 1 | |a Winks, Robin W. | |
| 740 | 0 | |a Prehistory to 1715 | |
| 740 | 0 | |a 1715 to present | |
| 852 | |a INST |b RHODES |e 20211130 |h 909 HIS |p 005400042434 |q 005400042434 |t BK |v τομ.1: |y 0 | ||
| 853 | |a INST |b RHODES |h 909 HIS | ||
| 970 | |z 30-11-2021 | ||